书目信息 |
| 题名: |
电路实验与实践教程
|
|
| 作者: | 张志立 , 邓海琴 , 余定鑫 主编 | |
| 分册: | ||
| 出版信息: | 北京 电子工业出版社 2016.03 |
|
| 页数: | 225页 | |
| 开本: | 26cm | |
| 丛书名: | ||
| 单 册: | ||
| 中图分类: | TM13-33 | |
| 科图分类: | ||
| 主题词: | 电路--教材--高等教育--实验 | |
| 电子资源: | ||
| ISBN: | 978-7-121-27506-7 | |
| 000 | 01017nam0 2200253 450 | |
| 001 | 1141 | |
| 005 | 20161008081327.10 | |
| 010 | @a978-7-121-27506-7@dCNY36.00 | |
| 100 | @a20160425d2016 em y0chiy50 ea | |
| 101 | 0 | @achi |
| 102 | @aCN@b110000 | |
| 105 | @aa z 000yy | |
| 200 | 1 | @a电路实验与实践教程@9dian lu shi yan yu shi jian jiao cheng@f张志立,邓海琴,余定鑫主编 |
| 210 | @a北京@c电子工业出版社@d2016.03 | |
| 215 | @a225页@c图@d26cm | |
| 300 | @a普通高等教育“十三五”规划教材 电工电子基础课程规划教材 | |
| 330 | @a本书共8章,涵盖了基础性实验与综合性实践项目。内容包括:绪论、常用电子元器件基础知识、常用电测量仪表及仪器的使用、实验数据基本知识、电路实验、Multisim10仿真实验、安全用电的常识、焊接技术、电路实训项目等。 | |
| 606 | 0 | @a电路@j教材@x高等教育@x实验 |
| 690 | @aTM13-33@v5 | |
| 701 | 0 | @a张志立@9zhang zhi li@c(女,@f1982~)@4主编 |
| 701 | 0 | @a邓海琴@9deng hai qin@4主编 |
| 701 | 0 | @a余定鑫@9yu ding xin@4主编 |
| 801 | 0 | @aCN@b唐山师范学院图书馆@c20160830 |
| 905 | @aZUCC@dTM13-33@e159 | |
| 电路实验与实践教程/张志立,邓海琴,余定鑫主编.-北京:电子工业出版社,2016.03 |
| 225页:图;26cm |
| 普通高等教育“十三五”规划教材 电工电子基础课程规划教材 |
| ISBN 978-7-121-27506-7:CNY36.00 |
| 本书共8章,涵盖了基础性实验与综合性实践项目。内容包括:绪论、常用电子元器件基础知识、常用电测量仪表及仪器的使用、实验数据基本知识、电路实验、Multisim10仿真实验、安全用电的常识、焊接技术、电路实训项目等。 |
| ● |
| 相关链接 |
|
|
|
|
正题名:电路实验与实践教程
索取号:TM13-33/159
 
预约/预借
| 序号 | 登录号 | 条形码 | 馆藏地/架位号 | 状态 | 备注 |
| 1 | 907095 | 209070958 | 第二样本阅览室/ [索取号:TM13-33/159] | 在馆 | |
| 2 | 907096 | 209070967 | 密集书库-物理学院/ [索取号:TM13-33/159] | 在馆 | |
| 3 | 907097 | 209070976 | 第三借阅区/ [索取号:TM13-33/159] | 在馆 | |
| 4 | 907098 | 209070985 | 第三借阅区/ [索取号:TM13-33/159] | 在馆 | |
| 5 | 907099 | 209070994 | 第三借阅区/ [索取号:TM13-33/159] | 在馆 |